[Event "3rd Al Ain Chess Rapid"]
[Site "Al-Ain UAE"]
[Date "2014.12.18"]
[Round "3.25"]
[White "Safarov, Zirva"]
[Black "Suhail, Sokari"]
[Result "0-1"]
[WhiteElo "2104"]
[BlackElo "1912"]
[WhiteFideId "13413040"]
[BlackFideId "7604530"]
[EventDate "2014.12.18"]

1. d4 Nf6 2. Nf3 g6 3. c4 Bg7 4. Nc3 d5 5. e3 O-O 6. Be2 dxc4 7. Bxc4 c5 8. O-O
cxd4 9. Nxd4 a6 10. a4 Qc7 11. Be2 Rd8 12. Qb3 b6 13. Bf3 Bb7 14. a5 b5 15. Rd1
Bxf3 16. Nxf3 Rxd1+ 17. Nxd1 Nc6 18. Bd2 Ne4 19. Bb4 Rd8 20. Qc2 Nd6 21. Bxd6
Qxd6 22. Nc3 Qb4 23. h4 Nxa5 24. Ne2 Nc4 25. Ned4 Qxb2 26. Qxb2 Nxb2 27. Rxa6 b4
28. Nc6 Rd1+ 29. Kh2 Bc3 30. Ra8+ Kg7 31. Nxe7 Nd3 32. Rg8+ Kf6 33. Nd5+ Ke6 34.
Rd8 Nxf2 35. Ng5+ Kf5 36. Nxf7 Bf6 37. Nd6+ Ke6 38. Nb5 Bxd8 39. Nf4+ Kf5 40.
Kg3 Ne4+ 41. Kf3 Ng5+ 42. Ke2 Rg1 43. g4+ Ke4 44. Nd6+ Ke5 45. Nc4+ Kf6 46. Nd5+
Kg7 47. Nxb4 Nh3 48. Ne5 Bc7 49. Nf3 Rxg4 50. Nd5 Rg2+ 51. Kd3 Bd6 52. Nd4 Ng5
53. Nb5 Be5 54. Na7 h5 55. Nc6 Bd6 56. e4 Rg3+ 57. Kd4 Rg4 58. Nc3 0-1

[Event "3rd Al Ain Chess Rapid"]
[Site "Al-Ain UAE"]
[Date "2014.12.18"]
[Round "3.26"]
[White "Sameir, Ramez"]
[Black "Mayed AlRashedi"]
[Result "0-1"]
[BlackTitle "FM"]
[WhiteElo "2128"]
[BlackElo "1908"]
[WhiteFideId "10606017"]
[BlackFideId "9303871"]
[EventDate "2014.12.18"]

1. e4 e5 2. Nf3 Nc6 3. Nc3 Nf6 4. d4 exd4 5. Nxd4 Bb4 6. Nxc6 bxc6 7. Bd3 O-O 8.
O-O d5 9. exd5 cxd5 10. Bg5 Be6 11. Qf3 Be7 12. Rad1 Bg4 13. Qg3 Bxd1 14. Rxd1
Re8 15. Qh4 h6 16. Bxh6 gxh6 17. Qxh6 Bf8 18. Qg5+ Bg7 19. Qh4 Ne4 20. Qh5 Nxc3
21. bxc3 Qf6 22. Bh7+ Kf8 23. h3 c6 24. Rd3 Re1+ 25. Kh2 Qxf2 26. Rf3 Be5+ 27.
Qxe5 Qg1+ 28. Kg3 Rxe5 0-1

[Event "3rd Al Ain Chess Rapid"]
[Site "Al-Ain UAE"]
[Date "2014.12.18"]
[Round "3.27"]
[White "Lodhi, Mahmood"]
[Black "Amini, Hossein Ali"]
[Result "1-0"]
[WhiteTitle "IM"]
[WhiteElo "2328"]
[BlackElo "1521"]
[WhiteFideId "7800010"]
[BlackFideId "11201584"]
[EventDate "2014.12.18"]

1. d4 Nf6 2. c4 e6 3. Nc3 Bb4 4. Nf3 O-O 5. e3 Ne4 6. Qc2 f5 7. Bd3 Nf6 8. O-O
Nc6 9. a3 Be7 10. b4 a6 11. Bb2 b6 12. d5 exd5 13. cxd5 Na7 14. Bxf5 Bb7 15. e4
d6 16. Nd4 Bc8 17. Ne6 Bxe6 18. Bxe6+ Kh8 19. Ne2 Nh5 20. g3 Nf6 21. Rac1 Ne8
22. f4 Nb5 23. a4 Na7 24. Nd4 Bf6 25. Qe2 Nc8 26. e5 dxe5 27. fxe5 Be7 28. Nc6 1-0

[Event "3rd Al Ain Chess Rapid"]
[Site "Al-Ain UAE"]
[Date "2014.12.18"]
[Round "3.28"]
[White "Harikrishnan, Samyuktha"]
[Black "Sidharth Balaji Sridharan"]
[Result "1-0"]
[WhiteElo "1452"]
[BlackElo "1114"]
[WhiteFideId "25076140"]
[BlackFideId "45002789"]
[EventDate "2014.12.18"]

1. e4 c5 2. Nf3 g6 3. d4 cxd4 4. Nxd4 Nc6 5. Nc3 Bg7 6. Be3 d6 7. Be2 Nf6 8. O-O
O-O 9. f4 Qb6 10. Rb1 Nxe4 11. Nf5 Nxc3 12. bxc3 Qc7 13. Nxg7 Kxg7 14. Qd2 Kg8
15. Bd3 f5 16. Bc4+ e6 17. Rfd1 d5 18. Bb3 Na5 19. Bd4 Nxb3 20. cxb3 Bd7 21. Be5
Qc5+ 22. Kh1 Rac8 23. c4 Bc6 24. Rbc1 Rcd8 25. b4 Qe7 26. c5 Rfe8 27. Qd4 Rd7
28. Bd6 Qg7 29. Be5 Qf7 30. Re1 Bb5 31. Re3 Bc4 32. a4 Bb3 33. b5 Bc4 34. Rce1
Qe7 35. Bd6 Qf7 1-0

[Event "3rd Al Ain Chess Rapid"]
[Site "Al-Ain UAE"]
[Date "2014.12.18"]
[Round "4.3"]
[White "Kravtsiv, Martyn"]
[Black "Kryvoruchko, Yuriy"]
[Result "1/2-1/2"]
[WhiteTitle "GM"]
[BlackTitle "GM"]
[WhiteElo "2576"]
[BlackElo "2671"]
[WhiteFideId "14113147"]
[BlackFideId "14109182"]
[EventDate "2014.12.18"]

1. e4 e5 2. Nf3 Nc6 3. Bb5 a6 4. Bxc6 dxc6 5. O-O Qf6 6. d3 Bd6 7. Nbd2 Ne7 8.
h3 c5 9. Nc4 Nc6 10. Nh2 O-O 11. Kh1 Qe7 12. f4 exf4 13. Nxd6 cxd6 14. Bxf4 Be6
15. Qd2 f5 16. Rae1 fxe4 17. dxe4 Ne5 18. Bxe5 dxe5 19. Qc3 Bd7 20. Nf3 Rfe8 21.
Qb3+ Be6 22. Qc3 Bd7 23. Rd1 Bc6 24. Ne1 Rad8 25. Nd3 Bxe4 26. Nxc5 Rxd1 27.
Rxd1 Bc6 28. Ne4 h6 29. Qe3 Rf8 30. Kh2 Qe6 31. b3 Qg6 32. Re1 Rf5 33. Re2 h5
34. Qg3 Qh6 35. Qe3 Rf4 36. Nc5 Qd6 37. Nd3 Re4 38. Qxe4 Bxe4 39. Rxe4 Qc6 40.
Rc4 Qd5 41. Rc5 Qd6 42. Rxe5 h4 43. Kh1 Qd4 44. a4 Qc3 45. Re2 Qf6 46. Kg1 Qd4+
47. Rf2 Qc3 48. Re2 Qd4+ 49. Rf2 Qc3 1/2-1/2

[Event "3rd Al Ain Chess Rapid"]
[Site "Al-Ain UAE"]
[Date "2014.12.18"]
[Round "4.4"]
[White "Kovchan, Alexander"]
[Black "Iordachescu, Viorel"]
[Result "0-1"]
[WhiteTitle "GM"]
[BlackTitle "GM"]
[WhiteElo "2569"]
[BlackElo "2611"]
[WhiteFideId "14103052"]
[BlackFideId "13900200"]
[EventDate "2014.12.18"]

1. e4 e5 2. Nf3 Nc6 3. Nc3 Nf6 4. d4 exd4 5. Nxd4 Bc5 6. Be3 Bb6 7. Qd2 Ng4 8.
Bg5 f6 9. Nxc6 Bxf2+ 10. Qxf2 dxc6 11. Qg3 fxg5 12. Be2 Qd6 13. Nd1 Qxg3+ 14.
hxg3 Ne5 15. Ne3 Be6 16. Nf5 g6 17. Nd4 Ke7 18. O-O-O Rad8 19. Rd2 g4 20. Rh6
Bc8 21. Bd1 c5 22. Ne2 Rxd2 23. Kxd2 Nf7 24. Rh1 Be6 25. Nf4 Ne5 26. b3 Bf7 27.
Ke3 c6 28. Be2 h5 29. Nd3 Nxd3 30. cxd3 a5 31. Bxg4 a4 32. Bd1 a3 33. g4 h4 34.
g5 Be6 35. Bf3 Kd6 36. Rc1 b6 37. Kf4 Rf8+ 38. Ke3 Rh8 39. Kf4 Rf8+ 40. Ke3 Ke5
41. b4 Kd6 42. bxc5+ bxc5 43. e5+ Kxe5 44. Rxc5+ Bd5 45. d4+ Kd6 46. Bxd5 cxd5
47. Ra5 Ke6 48. Rxa3 Kf5 49. Kf2 Ke4+ 50. Ke2 Rf5 51. Rh3 Kxd4 52. Rxh4+ Kc3 53.
Rh3+ Kc4 54. Rg3 d4 55. Kd2 Rf2+ 56. Ke1 Rxa2 57. Rf3 Rxg2 58. Ra3 Rxg5 59. Ke2
Rg2+ 60. Kd1 g5 61. Ke1 Kd5 62. Kf1 Rg4 63. Kf2 Ke4 64. Ra8 Rf4+ 65. Kg3 d3 66.
Rg8 Rf5 0-1

[Event "3rd Al Ain Chess Rapid"]
[Site "Al-Ain UAE"]
[Date "2014.12.18"]
[Round "4.5"]
[White "Shyam, Sundar M."]
[Black "Miroshnichenko, Evgenij"]
[Result "1/2-1/2"]
[WhiteTitle "GM"]
[BlackTitle "GM"]
[WhiteElo "2484"]
[BlackElo "2618"]
[WhiteFideId "5019141"]
[BlackFideId "14102595"]
[EventDate "2014.12.18"]

1. e4 d6 2. d4 Nf6 3. Nc3 e5 4. dxe5 dxe5 5. Qxd8+ Kxd8 6. Bg5 Be6 7. f4 exf4 8.
Nge2 Nd7 9. O-O-O Bd6 10. Nxf4 Be5 11. Ncd5 Kc8 12. Bxf6 Nxf6 13. Nxe6 fxe6 14.
Nxf6 gxf6 15. Bc4 Re8 16. Rd3 a6 17. Rh3 b5 18. Be2 Re7 19. a4 c6 20. c3 Kc7 21.
Kc2 Kb6 22. Rd3 Raa7 23. g3 Rad7 24. Rxd7 Rxd7 25. Bg4 Re7 26. Rd1 bxa4 27. Ra1
h5 28. Bxh5 Rh7 29. g4 Bxh2 30. Rxa4 Be5 31. Kb3 a5 32. Ra1 Rd7 33. Kc2 Bf4 34.
Rd1 Rxd1 1/2-1/2

[Event "3rd Al Ain Chess Rapid"]
[Site "Al-Ain UAE"]
[Date "2014.12.18"]
[Round "4.8"]
[White "Gupta, Abhijeet"]
[Black "Petrosyan, Manuel"]
[Result "1-0"]
[WhiteTitle "GM"]
[BlackTitle "FM"]
[WhiteElo "2632"]
[BlackElo "2407"]
[WhiteFideId "5010608"]
[BlackFideId "13300857"]
[EventDate "2014.12.18"]

1. Nf3 c5 2. c4 Nc6 3. Nc3 g6 4. g3 Bg7 5. Bg2 d6 6. O-O e5 7. Ne1 Nge7 8. Nc2
O-O 9. Ne3 Rb8 10. Ned5 a6 11. Rb1 b5 12. cxb5 axb5 13. b4 Nxd5 14. Nxd5 Nxb4
15. Nxb4 cxb4 16. Rxb4 Be6 17. a3 d5 18. d4 e4 19. Bf4 Rb6 20. Qb3 Qa8 21. f3
Rc8 22. e3 Ra6 23. fxe4 dxe4 24. Qb1 Bd5 25. Rxb5 Rxa3 26. h4 Bc4 27. Bxe4 Qa6
28. Rc5 Rxc5 29. dxc5 Bxf1 30. Qb8+ Bf8 31. Bh6 1-0

[Event "3rd Al Ain Chess Rapid"]
[Site "Al-Ain UAE"]
[Date "2014.12.18"]
[Round "4.9"]
[White "Abdumalik, Zhansaya"]
[Black "Pashikian, Arman"]
[Result "1/2-1/2"]
[WhiteTitle "WGM"]
[BlackTitle "GM"]
[WhiteElo "2332"]
[BlackElo "2617"]
[WhiteFideId "13703544"]
[BlackFideId "13301578"]
[EventDate "2014.12.18"]

1. e4 e5 2. Nf3 Nc6 3. Bb5 Nf6 4. O-O Nxe4 5. d4 Nd6 6. Bxc6 dxc6 7. dxe5 Nf5 8.
Qxd8+ Kxd8 9. h3 Bd7 10. Rd1 Be7 11. g4 Nh4 12. Nxh4 Bxh4 13. Nd2 Kc8 14. Nf3
Be7 15. Rd3 h6 16. Bf4 c5 17. Rad1 Be6 18. b3 b5 19. Nd2 Kb7 20. Ne4 Kc6 21. Be3
c4 22. Rd4 a5 23. f3 g6 24. bxc4 b4 25. Kf2 h5 26. Kg3 hxg4 27. fxg4 Rad8 28.
Rxd8 Bh4+ 29. Kf3 Bxd8 30. Rd4 Rxh3+ 31. Ng3 Be7 32. Re4 a4 33. Bd2 Bc5 34. Be1
a3 35. Bd2 Kb6 36. Kg2 Bxg4 37. Rf4 Rh7 38. Nf5 Bd1 39. Ne3 Be2 40. Nd5+ Kb7 41.
Bxb4 Rg7 42. Kh3 Rh7+ 43. Kg2 Rg7 44. Kh3 Bg1 45. Bxa3 Bd1 46. Bf8 1/2-1/2

[Event "3rd Al Ain Chess Rapid"]
[Site "Al-Ain UAE"]
[Date "2014.12.18"]
[Round "4.10"]
[White "Oleksienko, Mikhailo"]
[Black "Aliyev, Elnur"]
[Result "0-1"]
[WhiteTitle "GM"]
[WhiteElo "2621"]
[BlackElo "2141"]
[WhiteFideId "4152417"]
[BlackFideId "13402617"]
[EventDate "2014.12.18"]

1. e4 c5 2. Nf3 Nc6 3. d4 cxd4 4. Nxd4 e5 5. Nb5 d6 6. c4 Be7 7. N1c3 a6 8. Na3
f5 9. exf5 Bxf5 10. g3 Nf6 11. Bg2 O-O 12. O-O Qd7 13. Nc2 Rae8 14. Ne3 Bh3 15.
Ned5 Bxg2 16. Kxg2 Nd4 17. Be3 Nf5 18. Qe2 Bd8 19. Rad1 Ba5 20. Nxf6+ Rxf6 21.
Ne4 Rg6 22. f3 Qc6 23. Bf2 Bb6 24. c5 dxc5 25. Bxc5 Bxc5 26. Qc4+ Kh8 27. Qxc5
Qxc5 28. Nxc5 Ne3+ 29. Kf2 Nxf1 30. Kxf1 Rc6 31. Nxb7 Rc2 32. Nd6 Rf8 33. Nf7+
Kg8 34. Nxe5 Rxb2 35. a4 Ra2 36. f4 Rxa4 37. Kg2 a5 38. Rd7 Ra8 39. Nc6 Ra2+ 40.
Kh3 a4 41. Ne7+ Kh8 42. Nf5 a3 43. Nxg7 Rb2 44. Nh5 Rb6 0-1

[Event "3rd Al Ain Chess Rapid"]
[Site "Al-Ain UAE"]
[Date "2014.12.18"]
[Round "4.11"]
[White "Soozankar, A.M."]
[Black "Moskalenko, Viktor1"]
[Result "0-1"]
[WhiteTitle "FM"]
[BlackTitle "GM"]
[WhiteElo "2183"]
[BlackElo "2528"]
[WhiteFideId "12503029"]
[BlackFideId "14100100"]
[EventDate "2014.12.18"]

1. d4 f5 2. Nc3 d5 3. Bg5 g6 4. e3 Bg7 5. f4 Nf6 6. Nf3 c5 7. dxc5 Qa5 8. Qd4
Nc6 9. Bb5 O-O 10. Bxc6 bxc6 11. Ne5 Qc7 12. Bxf6 exf6 13. Nf3 Re8 14. O-O a5
15. a3 Rb8 16. b4 axb4 17. axb4 Re4 18. Nxe4 fxe4 19. c4 exf3 20. cxd5 f5 21. d6
Qf7 22. d7 Qxd7 23. Qxd7 Bxd7 24. Ra7 fxg2 25. Rb1 Be8 26. Kxg2 Rd8 27. Kf3 h6
28. Rc1 Rb8 29. Rb1 Bf7 30. Rd1 Be8 31. Rd6 Bf8 32. Rf6 Rxb4 33. Ra8 Re4 34.
Rxe8 Rxe8 35. Rxg6+ Kf7 36. Rxc6 Ra8 37. Rc7+ Be7 38. h4 Ra2 39. c6 Rc2 40. h5
Ke6 41. Rc8 Bh4 42. e4 Rc3+ 43. Ke2 fxe4 44. Rh8 Bf6 45. Rxh6 Rxc6 46. Rh7 Rc2+
47. Ke3 Kf5 48. Rf7 Rc3+ 49. Ke2 Rh3 50. Ra7 Kxf4 0-1

[Event "3rd Al Ain Chess Rapid"]
[Site "Al-Ain UAE"]
[Date "2014.12.18"]
[Round "4.12"]
[White "Babujian, Levon"]
[Black "Puranik, Abhimanyu"]
[Result "1-0"]
[WhiteTitle "GM"]
[BlackTitle "CM"]
[WhiteElo "2471"]
[BlackElo "2255"]
[WhiteFideId "13301993"]
[BlackFideId "5061245"]
[EventDate "2014.12.18"]

1. d4 Nf6 2. c4 g6 3. Nc3 d5 4. cxd5 Nxd5 5. e4 Nxc3 6. bxc3 Bg7 7. Nf3 c5 8.
Rb1 O-O 9. Be2 cxd4 10. cxd4 Qa5+ 11. Bd2 Qxa2 12. O-O Rd8 13. Qc1 Bg4 14. Bc4
Qa4 15. Bb5 Qa2 16. Bc4 Qa4 17. Ng5 Rc8 18. Bxf7+ Kh8 19. Bc3 h6 20. Qf4 Qd7 21.
Rxb7 Qxb7 22. Qxg4 Rxc3 23. Ne6 Rc6 24. Qxg6 Rxe6 25. Bxe6 Nc6 26. Bd5 Rc8 27.
e5 Qc7 28. Be4 Kg8 29. Rc1 Qa5 30. Qe6+ 1-0

[Event "3rd Al Ain Chess Rapid"]
[Site "Al-Ain UAE"]
[Date "2014.12.18"]
[Round "4.13"]
[White "Firouzja, Alireza"]
[Black "Bajarani, Ulvi"]
[Result "0-1"]
[BlackTitle "GM"]
[WhiteElo "2332"]
[BlackElo "2494"]
[WhiteFideId "12573981"]
[BlackFideId "13403028"]
[EventDate "2014.12.18"]

1. e4 e6 2. d4 d5 3. Nc3 Nf6 4. Bg5 Bb4 5. e5 h6 6. Be3 Ne4 7. Qg4 Kf8 8. Bd3
Nxc3 9. Bd2 Nxa2 10. c3 Nxc3 11. bxc3 Be7 12. Ne2 c5 13. O-O Nc6 14. Nf4 cxd4
15. cxd4 Nxd4 16. Nh5 g6 17. Qxd4 gxh5 18. f4 b6 19. Kh1 f5 20. exf6 Bxf6 21.
Qf2 Qe7 22. Rae1 Bd7 23. Qf3 h4 24. f5 e5 25. Qxd5 Rd8 26. Qe4 a5 27. Bc4 Qd6
28. Bd5 Be8 29. Rd1 Bh5 30. Be3 Bxd1 31. Rxd1 Rh7 32. h3 Rhd7 33. Bxh6+ Ke7 34.
Be3 Qb4 35. Qf3 e4 36. Qh5 Rxd5 37. Qh7+ Kd6 38. Bf4+ Kc6 39. Rc1+ Kb5 40. Qh5
Qb3 41. Qe2+ Rd3 42. Kh2 Qd5 43. Rb1+ Ka6 44. Bc7 Be5+ 0-1

[Event "3rd Al Ain Chess Rapid"]
[Site "Al-Ain UAE"]
[Date "2014.12.18"]
[Round "4.15"]
[White "Suhail, Sokari"]
[Black "Hayrapetyan, Hovik"]
[Result "1/2-1/2"]
[BlackTitle "GM"]
[WhiteElo "1912"]
[BlackElo "2441"]
[WhiteFideId "7604530"]
[BlackFideId "13302639"]
[EventDate "2014.12.18"]

1. d4 d5 2. c4 e6 3. Nf3 c6 4. cxd5 exd5 5. Nc3 Bd6 6. Bg5 f6 7. Bh4 Ne7 8. e3
O-O 9. Bd3 Bf5 10. O-O Nd7 11. Qc2 g6 12. Bg3 Bxg3 13. hxg3 Bxd3 14. Qxd3 Nf5
15. Rfe1 Nd6 16. e4 dxe4 17. Nxe4 Nxe4 18. Rxe4 Nb6 19. Rae1 Nd5 20. Re6 Qd7 21.
Qe4 Kf7 22. Qh4 Kg7 23. Qe4 Rad8 24. g4 Kf7 25. g5 Rfe8 26. Rxe8 Rxe8 27. Qh4
Rxe1+ 28. Nxe1 Kg7 29. Qh6+ Kg8 30. Nf3 Qf5 31. gxf6 Nxf6 32. Qe3 Qb1+ 33. Qe1
Qxa2 34. Qe7 Qf7 35. Qd8+ Kg7 36. Ne5 Qe6 37. Qc7+ Kg8 38. Qxb7 Ng4 39. Qb8+ Kg7
40. Qxa7+ Kf6 41. Nxg4+ Qxg4 42. Qc5 Qe4 43. f3 Qe1+ 44. Kh2 Qh4+ 1/2-1/2

[Event "3rd Al Ain Chess Rapid"]
[Site "Al-Ain UAE"]
[Date "2014.12.18"]
[Round "4.16"]
[White "Soumya, Swaminathan"]
[Black "Bunyatov, Rustam"]
[Result "1-0"]
[WhiteTitle "WGM"]
[BlackTitle "CM"]
[WhiteElo "2330"]
[BlackElo "2077"]
[WhiteFideId "5016193"]
[BlackFideId "13410210"]
[EventDate "2014.12.18"]

1. d4 Nf6 2. c4 g6 3. Nf3 Bg7 4. Nc3 O-O 5. g3 d5 6. cxd5 Nxd5 7. Bg2 Nxc3 8.
bxc3 c5 9. O-O Nc6 10. Be3 Bg4 11. d5 Bxf3 12. Bxf3 Ne5 13. Bg2 b6 14. Qc1 Rc8
15. Bh6 b5 16. Bxg7 Kxg7 17. Qb2 a6 18. c4 f6 19. cxb5 Nc4 20. Qc2 axb5 21. a4
Nd6 22. axb5 Nxb5 23. e3 Nd6 24. h4 Qd7 25. Kh2 Rc7 26. Rfb1 Rfc8 27. Bh3 f5 28.
f3 e6 29. Rd1 c4 30. Ra6 exd5 31. Rxd5 Rc6 32. Qc3+ Kg8 33. Ra2 Qf7 34. Rad2 Ne8
35. e4 Qf6 36. e5 Qe6 37. Bf1 Rc5 38. Rxc5 Rxc5 39. f4 h5 40. Rd4 Qb6 41. Bxc4+
Kg7 42. Rd7+ Kh6 43. e6 Re5 44. Qxe5 Qf2+ 45. Kh3 Nf6 46. Qb8 Nh7 47. Qg8 1-0

[Event "3rd Al Ain Chess Rapid"]
[Site "Al-Ain UAE"]
[Date "2014.12.18"]
[Round "4.17"]
[White "Mayed AlRashedi"]
[Black "Sagar, Shah"]
[Result "0-1"]
[WhiteTitle "FM"]
[WhiteElo "1908"]
[BlackElo "2468"]
[WhiteFideId "9303871"]
[BlackFideId "5022509"]
[EventDate "2014.12.18"]

1. e4 c6 2. d4 d5 3. Nc3 dxe4 4. Nxe4 Bf5 5. Ng3 Bg6 6. h4 h6 7. Nf3 Nd7 8. h5
Bh7 9. Bd3 Bxd3 10. Qxd3 e6 11. Bf4 Qa5+ 12. Bd2 Bb4 13. c3 Be7 14. c4 Qc7 15.
Qe2 Ngf6 16. Ne4 Nxe4 17. Qxe4 Nf6 18. Qe2 O-O 19. g4 c5 20. dxc5 Qxc5 21. g5
hxg5 22. Nxg5 Rac8 23. Rc1 Rcd8 24. h6 g6 25. h7+ Kg7 26. Ne4 Nxe4 27. Qxe4 Rxd2
28. Kxd2 Qxf2+ 29. Kc3 Bf6+ 30. Kb4 Qxb2+ 31. Ka4 Qxa2+ 32. Kb4 a5+ 33. Kc5 Rc8+
34. Kb6 Qb2+ 35. Ka7 Bd4+ 36. c5 Kh8 37. Qxb7 Bxc5+ 38. Ka6 Qe2+ 39. Kxa5 Qa2+
40. Kb5 Qb3+ 0-1

[Event "3rd Al Ain Chess Rapid"]
[Site "Al-Ain UAE"]
[Date "2014.12.18"]
[Round "4.18"]
[White "Pourramezanali, Amirreza"]
[Black "Omar, Noaman"]
[Result "1-0"]
[WhiteTitle "IM"]
[BlackTitle "IM"]
[WhiteElo "2427"]
[BlackElo "2346"]
[WhiteFideId "12511412"]
[BlackFideId "9300244"]
[EventDate "2014.12.18"]

1. d4 d5 2. Nf3 Nf6 3. Bf4 c5 4. e3 Nc6 5. c3 Qb6 6. Qc2 g6 7. Nbd2 Bf5 8. dxc5
Qxc5 9. Qb3 Bc8 10. Be2 Bg7 11. O-O O-O 12. Ne5 Nxe5 13. Bxe5 b6 14. Rfd1 Bb7
15. Bf3 Rfd8 16. Qa4 h6 17. Nb3 Qc8 18. Qf4 g5 19. Qb4 e6 20. Qd4 Ne8 21. Bxg7
Nxg7 22. Qf6 Qc7 23. Qxh6 Qe7 24. h4 gxh4 25. Rd4 Nf5 26. Rg4+ 1-0

[Event "3rd Al Ain Chess Rapid"]
[Site "Al-Ain UAE"]
[Date "2014.12.18"]
[Round "4.19"]
[White "Vishnu Prasanna, V"]
[Black "Asadli, Vugar"]
[Result "0-1"]
[WhiteTitle "GM"]
[BlackTitle "CM"]
[WhiteElo "2463"]
[BlackElo "2043"]
[WhiteFideId "5030692"]
[BlackFideId "13405764"]
[EventDate "2014.12.18"]

1. d4 g6 2. e4 Bg7 3. Nc3 d6 4. f4 Nc6 5. d5 Nb8 6. Nf3 c6 7. Be3 Nf6 8. Qd2 O-O
9. Be2 cxd5 10. exd5 Bf5 11. O-O Nbd7 12. h3 Rc8 13. Nd4 Be4 14. Nb3 Nb6 15.
Nxe4 Nxe4 16. Qd3 Nf6 17. Bf3 Nfd7 18. Bd4 Bxd4+ 19. Nxd4 Nf6 20. f5 Nc4 21.
fxg6 hxg6 22. b3 Ne5 23. Qe3 Nxf3+ 24. Qxf3 Qb6 25. Rad1 Rxc2 26. Kh1 Rc7 27.
Qg3 Nxd5 28. Nf5 e6 29. Rxd5 exd5 30. Qg5 Qc5 31. Nh6+ Kg7 32. Ng4 f5 33. Qh6+
Kf7 34. Re1 Qc3 35. Rf1 Qg7 36. Qe3 Kg8 37. Nf2 d4 38. Qg3 Re8 39. Qxd6 Rd7 40.
Qc5 d3 41. Nxd3 Qd4 0-1

[Event "3rd Al Ain Chess Rapid"]
[Site "Al-Ain UAE"]
[Date "2014.12.18"]
[Round "4.20"]
[White "Huseynov, Shahin"]
[Black "Lodhi, Mahmood"]
[Result "1-0"]
[BlackTitle "IM"]
[WhiteElo "2162"]
[BlackElo "2328"]
[WhiteFideId "13401106"]
[BlackFideId "7800010"]
[EventDate "2014.12.18"]

1. c4 e5 2. Nc3 Nc6 3. Nf3 g6 4. d4 exd4 5. Nxd4 Bg7 6. Nxc6 bxc6 7. g3 Ne7 8.
h4 h6 9. Bg2 Nf5 10. h5 g5 11. Qd3 Qf6 12. e4 Nd6 13. c5 Nb5 14. Nxb5 cxb5 15.
e5 Qxe5+ 16. Kd1 O-O 17. Bxa8 c6 18. f4 gxf4 19. gxf4 Qf6 20. Rg1 Re8 21. Bd2
Qh4 22. Bc3 Qxh5+ 23. Kc2 f6 24. Bxf6 Qxc5+ 25. Bc3 Re7 26. Rae1 Rxe1 27. Rxe1
b4 28. Qg6 1-0

[Event "3rd Al Ain Chess Rapid"]
[Site "Al-Ain UAE"]
[Date "2014.12.18"]
[Round "4.22"]
[White "Ahmad, Alzarovni"]
[Black "Gasimov, Parviz"]
[Result "0-1"]
[BlackTitle "CM"]
[WhiteElo "1721"]
[BlackElo "2295"]
[WhiteFideId "9302301"]
[BlackFideId "13408798"]
[EventDate "2014.12.18"]

1. d4 d5 2. c4 c6 3. cxd5 cxd5 4. Nc3 Nf6 5. Bf4 Nc6 6. e3 a6 7. Bd3 Bg4 8. f3
Bh5 9. Nge2 e6 10. O-O Be7 11. Rc1 Bg6 12. Na4 Nh5 13. Nc5 Bxc5 14. Rxc5 Bxd3
15. Qxd3 Nxf4 16. Nxf4 O-O 17. Rfc1 Qd6 18. Qb3 Nxd4 19. exd4 Qxf4 20. Qc3 Rfd8
21. Rc7 b5 22. Rc6 h5 23. Rd1 e5 24. dxe5 d4 25. Qd3 Qxe5 26. b4 Qe3+ 27. Kh1
Re8 28. h3 Rad8 29. Rxa6 Qf2 30. Ra5 Re2 31. Rg1 Rd2 32. Qf1 Qe3 0-1

[Event "3rd Al Ain Chess Rapid"]
[Site "Al-Ain UAE"]
[Date "2014.12.18"]
[Round "4.23"]
[White "Abdi, Abdelkrim"]
[Black "Safarov, Zirva"]
[Result "0-1"]
[WhiteElo "1582"]
[BlackElo "2104"]
[WhiteFideId "12568740"]
[BlackFideId "13413040"]
[EventDate "2014.12.18"]

1. d4 Nf6 2. c4 e5 3. dxe5 Ng4 4. e4 Nxe5 5. Nc3 Bb4 6. Bd2 O-O 7. a3 Be7 8. Nf3
Nbc6 9. Be2 a5 10. O-O Nxf3+ 11. Bxf3 Nd4 12. Be3 Nxf3+ 13. Qxf3 Bf6 14. Rac1 d6
15. Rc2 c6 16. Rd1 Qc7 17. Bf4 Be5 18. Bxe5 dxe5 19. Rcd2 Be6 20. b3 h6 21. Qe2
Qb6 22. Rb2 Rfd8 23. Na4 Rxd1+ 24. Qxd1 Rd8 25. Qb1 Qd4 26. h3 b5 27. cxb5 cxb5
28. Kh2 bxa4 29. bxa4 Qd3 30. Qxd3 Rxd3 31. Rb5 Rxa3 32. Rxa5 f6 33. Ra6 Bc4 34.
Rc6 Rxa4 35. f3 Bf1 36. Rc2 Kh7 37. Kg1 Ra1 38. Kf2 h5 39. Rd2 h4 40. Rb2 Bc4
41. Ke3 Ra3+ 42. Kf2 Ra2 43. Rxa2 Bxa2 44. g3 Kg6 45. gxh4 Kh5 46. Kg3 Bb1 47.
f4 Bxe4 48. fxe5 fxe5 0-1

[Event "3rd Al Ain Chess Rapid"]
[Site "Al-Ain UAE"]
[Date "2014.12.18"]
[Round "4.24"]
[White "Alnyeyadi, Abdulla"]
[Black "Sameir, Ramez"]
[Result "0-1"]
[WhiteElo "1423"]
[BlackElo "2128"]
[WhiteFideId "9308393"]
[BlackFideId "10606017"]
[EventDate "2014.12.18"]

1. d4 d5 2. c4 e6 3. Nc3 Nf6 4. cxd5 exd5 5. Bg5 Be7 6. Nf3 O-O 7. e3 Re8 8. Bd3
Nbd7 9. Rc1 c6 10. O-O Nf8 11. Qb3 Ne4 12. Bxe7 Qxe7 13. Bxe4 dxe4 14. Ne5 Be6
15. Qc2 f6 16. Nxc6 bxc6 17. Nxe4 Bf5 18. Qb3+ Qe6 19. Qxe6+ Rxe6 20. Nc5 Rd6
21. Nb7 Re6 22. Nc5 Ree8 23. Na6 Bd3 24. Nc7 Bxf1 25. Nxe8 Rxe8 26. Kxf1 Rb8 27.
b3 Rb6 28. Rc4 Kf7 29. Ke2 Ke6 30. h4 Nd7 31. g4 Kd6 32. f4 Ra6 33. Rc2 c5 34.
Rd2 cxd4 35. Rxd4+ Ke6 36. Rd2 Nc5 37. Kf3 Rd6 38. Rc2 Nd3 39. Rc7 Rd7 40. Rxd7
Kxd7 41. a3 Kd6 42. Ke4 Nc5+ 43. Kd4 Nxb3+ 44. Kc3 Nc5 0-1

[Event "3rd Al Ain Chess Rapid"]
[Site "Al-Ain UAE"]
[Date "2014.12.18"]
[Round "4.25"]
[White "Tagelsir, Abubaker"]
[Black "Harikrishnan, Samyuktha"]
[Result "1-0"]
[WhiteTitle "FM"]
[WhiteElo "2029"]
[BlackElo "1452"]
[WhiteFideId "12200875"]
[BlackFideId "25076140"]
[EventDate "2014.12.18"]

1. e4 e5 2. Nf3 Nc6 3. d4 exd4 4. Bc4 Nf6 5. e5 d5 6. Bb5 Bb4+ 7. c3 dxc3 8.
bxc3 Qe7 9. O-O Nd7 10. cxb4 Qxb4 11. Qxd5 Nb6 12. Bxc6+ Nd7 13. Bxd7+ Bxd7 14.
Ba3 Qb6 15. Nbd2 O-O-O 16. Be7 Be6 17. Qe4 Rd7 18. Rab1 Qa6 19. Bh4 g6 20. Bf6
Re8 21. Rbc1 Qxa2 22. Ra1 Qb2 23. Rfb1 Qxb1+ 24. Qxb1 Bf5 25. Rxa7 Rxd2 26.
Qxb7+ Kd7 27. Qxc7+ Ke6 28. Qxf7# 1-0